Pays ayant les plus hauts taux d'obésité - Statistiques

Statistiques générales
  • Ce quiz a été pris 88 067 fois
    53 980 depuis la dernière actualisation
  • Le résultat moyen est 4 sur 20
Statistiques - réponses
% Pays % Correct
42,0 États-Unis
100%
62,4 Samoa
26%
69,9 Nauru
25%
71,7 Tonga
25%
64,2 Tuvalu
24%
45,9 Iles Marshall
22%
40,6 Arabie Saoudite
21%
47,1 Micronésie
21%
43,1 Qatar
21%
46,3 Kiribati
20%
41,1 Palaos
19%
44,3 Égypte
15%
38,9 Chili
14%
41,4 Koweit
14%
40,5 Irak
12%
47,3 Bahamas
10%
38,0 Barbade
9%
45,6 Saint-Christophe-et-Niévès
9%
38,5 Jordanie
8%
42,3 Belize
6%
Aucun quiz correspondant
Distribution des résultats
% des personnes avec chaque résultat
Percentile par nombre de réponses
Votre historique - résultats
Vous n’avez pas pris ce quiz depuis la dernière actualisation